[Event "BL2-West 1920"]
[Site "Germany"]
[Date "2019.12.08"]
[Round "4.3"]
[White "Jackelen, Thomas"]
[Black "Scholz, Christian"]
[Result "1/2-1/2"]
[WhiteElo "2408"]
[BlackElo "2376"]
[PlyCount "132"]
[EventDate "2019.09.19"]
[EventType "team-tourn"]
[EventRounds "9"]
[EventCountry "GER"]
[SourceTitle "EXT 2023"]
[Source "ChessBase"]
[SourceDate "2022.10.05"]
[SourceVersion "1"]
[SourceVersionDate "2022.10.05"]
[SourceQuality "1"]
[WhiteTeam "Siegburg"]
[BlackTeam "Dortmund Hansa"]
[WhiteTeamCountry "GER"]
[BlackTeamCountry "GER"]

1. Nf3 Nf6 2. d4 g6 3. Bg5 Bg7 4. Nbd2 0-0 5. c3 h6 6. Bh4 d5 7. e3 Nbd7 8. Be2 Re8 9. 0-0 e5 10. b4 a5 11. b5 c5 12. bxc6 bxc6 13. Qa4 Ba6 14. Bxa6 Rxa6 15. Rab1 e4 16. Ne1 Bf8 17. Nc2 Qa8 18. c4 g5 19. Bg3 Nb6 20. Qb3 dxc4 21. Nxc4 a4 22. Qc3 Nfd5 23. Nxb6 Nxc3 24. Nxa8 Rexa8 25. Rb2 c5 26. dxc5 Bxc5 27. Ra1 f6 28. Kf1 R6a7 29. f3 exf3 30. gxf3 Rd7 31. Ke1 Rad8 32. Rb8 Rxb8 33. Bxb8 Rb7 34. Kd2 Nb1+ 35. Kc1 Na3 36. Bg3 Nxc2 37. Kxc2 Bxe3 38. Kd3 Bc5 39. Rc1 Be7 40. Rc7 Rxc7 41. Bxc7 Kf7 42. h3 Ke6 43. Kc4 Kd7 44. Ba5 Kc6 45. Kd4 Bd6 46. Ke4 Kb5 47. Bd2 Bb4 48. Bc1 Bc3 49. Ba3 Kc4 50. Bc1 Bd4 51. Bd2 Bb6 52. Be1 Bd8 53. Bd2 Bc7 54. Be1 Be5 55. Bd2 Bd4 56. Ba5 Bc5 57. Bd8 Kb4 58. Bxf6 Ka3 59. Kd3 Kxa2 60. Kc2 Ka3 61. Bg7 h5 62. Bf6 Be3 63. Be7+ Ka2 64. Bd6 Bf4 65. Be7 Be3 66. Bd6 Bf4 1/2-1/2

[Event "Oberliga NRW 1819"]
[Site "Germany"]
[Date "2019.03.17"]
[Round "7.1"]
[White "Jackelen, Thomas"]
[Black "Tereick, Benjamin"]
[Result "1/2-1/2"]
[WhiteElo "2408"]
[BlackElo "2397"]
[PlyCount "29"]
[EventDate "2018.09.16"]
[EventType "team-tourn"]
[EventRounds "9"]
[EventCountry "GER"]
[SourceTitle "EXT 2020"]
[Source "ChessBase"]
[SourceDate "2019.10.17"]
[SourceVersion "1"]
[SourceVersionDate "2019.10.17"]
[SourceQuality "1"]
[WhiteTeam "Siegburg"]
[BlackTeam "Dinslaken"]
[WhiteTeamCountry "GER"]
[BlackTeamCountry "GER"]

1. Nf3 d5 2. c4 e6 3. d4 dxc4 4. e3 b5 5. a4 b4 6. Bxc4 Bb7 7. a5 a6 8. Nbd2 Nf6 9. 0-0 c5 10. Nb3 Nbd7 11. Qe2 Bd6 12. Rd1 Qe7 13. dxc5 Nxc5 14. Nxc5 Bxc5 15. Bd2 1/2-1/2

[Event "Oberliga NRW 1819"]
[Site "Germany"]
[Date "2019.02.17"]
[Round "6.1"]
[White "Strohhaeker, Raoul"]
[Black "Jackelen, Thomas"]
[Result "1-0"]
[WhiteElo "2440"]
[BlackElo "2408"]
[PlyCount "59"]
[EventDate "2018.09.16"]
[EventType "team-tourn"]
[EventRounds "9"]
[EventCountry "GER"]
[SourceTitle "EXT 2020"]
[Source "ChessBase"]
[SourceDate "2019.10.17"]
[SourceVersion "1"]
[SourceVersionDate "2019.10.17"]
[SourceQuality "1"]
[WhiteTeam "Koeln SF"]
[BlackTeam "Siegburg"]
[WhiteTeamCountry "GER"]
[BlackTeamCountry "GER"]

1. e4 e6 2. d4 d5 3. e5 c5 4. c3 Nc6 5. Nf3 Bd7 6. a3 Nge7 7. Be3 Nf5 8. Bd3 cxd4 9. cxd4 Be7 10. 0-0 0-0 11. Nc3 Nxe3 12. fxe3 f5 13. exf6 Bxf6 14. Qc2 g6 15. Rf2 Qe7 16. Raf1 Rac8 17. Qe2 a6 18. g3 Qd6 19. h4 Kg7 20. Kg2 e5 21. e4 exd4 22. Nxd5 Bg4 23. Qd2 Be5 24. Ng5 Rxf2+ 25. Rxf2 Be6 26. Nf4 Bg8 27. h5 h6 28. Nxg6 hxg5 29. Qxg5 Kh7 30. Qf5 1-0

[Event "BL2-West 1415"]
[Site "Germany"]
[Date "2015.01.18"]
[Round "5.4"]
[White "Michalczak, Thomas"]
[Black "Jackelen, Thomas"]
[Result "0-1"]
[WhiteElo "2230"]
[BlackElo "2410"]
[PlyCount "72"]
[EventDate "2014.09.21"]
[EventType "team-tourn"]
[EventRounds "9"]
[EventCountry "GER"]
[SourceTitle "CBM 166 Extra"]
[Source "ChessBase"]
[SourceDate "2015.06.18"]
[SourceVersion "1"]
[SourceVersionDate "2015.06.18"]
[SourceQuality "1"]
[WhiteTeam "Solingen II"]
[BlackTeam "Godesberg"]
[WhiteTeamCountry "GER"]
[BlackTeamCountry "GER"]

1. c4 c6 2. e4 d5 3. exd5 cxd5 4. cxd5 Nf6 5. Nc3 Nxd5 6. Nf3 Nc6 7. Bb5 e6 8. 0-0 Be7 9. d4 0-0 10. Re1 Nxc3 11. bxc3 Qc7 12. Bd3 g6 13. Ng5 Qa5 14. Rb1 Bxg5 15. Rb5 Qxc3 16. Rxg5 Rd8 17. d5 Ne7 18. Qe2 Rxd5 19. Rxd5 Nxd5 20. Bb2 Qb4 21. a3 Qd6 22. Bc4 Bd7 23. Qd2 Qf4 24. Qd3 Bc6 25. g3 Qg4 26. Re4 Qf5 27. Qd4 Qf6 28. Qd2 Qf3 29. Rd4 Nf6 30. Kf1 Nd5 31. Qh6 f6 32. Ke1 Re8 33. h4 e5 34. Rd2 Qe4+ 35. Be2 Qh1+ 36. Bf1 Bb5 0-1

[Event "BL2-West 1314"]
[Site "Germany"]
[Date "2014.01.19"]
[Round "5.2"]
[White "Lutz, Christopher"]
[Black "Jackelen, Thomas"]
[Result "1-0"]
[WhiteElo "2559"]
[BlackElo "2415"]
[PlyCount "59"]
[EventDate "2013.10.13"]
[EventType "team-tourn"]
[EventRounds "9"]
[EventCountry "GER"]
[SourceTitle "EXT 2015"]
[Source "ChessBase"]
[SourceDate "2014.11.20"]
[SourceVersion "1"]
[SourceVersionDate "2014.11.20"]
[SourceQuality "1"]
[WhiteTeam "Koeln Porz"]
[BlackTeam "Godesberg"]
[WhiteTeamCountry "GER"]
[BlackTeamCountry "GER"]

1. e4 e6 2. d4 d5 3. Nc3 Nf6 4. e5 Nfd7 5. f4 c5 6. Nf3 Nc6 7. Be3 Be7 8. Qd2 b6 9. g3 0-0 10. h4 Bb7 11. Bh3 cxd4 12. Nxd4 Nc5 13. 0-0 Nxd4 14. Bxd4 Qc7 15. Qe3 Rfd8 16. Rad1 g6 17. h5 Qc6 18. g4 Ne4 19. Nxe4 dxe4 20. c3 Bc5 21. f5 exf5 22. gxf5 Bxd4 23. cxd4 g5 24. d5 Rxd5 25. Rxd5 Qxd5 26. Qxg5+ Kf8 27. f6 Qc5+ 28. Kh2 Rd8 29. Rg1 Ke8 30. Qf4 1-0

[Event "BL2-West 1213"]
[Site "Germany"]
[Date "2013.01.13"]
[Round "5.4"]
[White "Haub, Thorsten Michael"]
[Black "Jackelen, Thomas"]
[Result "1-0"]
[WhiteElo "2469"]
[BlackElo "2416"]
[PlyCount "211"]
[EventDate "2012.10.14"]
[EventType "team-tourn"]
[EventRounds "9"]
[EventCountry "GER"]
[SourceTitle "CBM 154 Extra"]
[Source "ChessBase"]
[SourceDate "2013.06.25"]
[SourceVersion "2"]
[SourceVersionDate "2013.06.25"]
[SourceQuality "1"]
[WhiteTeam "Bochum SG"]
[BlackTeam "Godesberg"]
[WhiteTeamCountry "GER"]
[BlackTeamCountry "GER"]

1. g3 d5 2. Bg2 c6 3. d3 Nf6 4. Nd2 Bg4 5. Ngf3 e6 6. 0-0 Be7 7. e4 0-0 8. Qe1 Nbd7 9. h3 Bh5 10. Kh1 Qc7 11. Nh4 Ne8 12. f4 Bxh4 13. gxh4 Nd6 14. Rf2 Qd8 15. Nf3 Qb6 16. Ne5 Rad8 17. Bd2 Qc7 18. Nxd7 Rxd7 19. f5 dxe4 20. fxe6 Re7 21. exf7+ Rfxf7 22. Rxf7 Bxf7 23. Bf4 Qd7 24. Qb4 Nf5 25. dxe4 Nxh4 26. Bg5 Ng6 27. Bxe7 Nxe7 28. Qe1 h6 29. Rd1 Qe6 30. Qf2 b6 31. b3 c5 32. Qg3 Ng6 33. Rd6 Qe8 34. e5 Nxe5 35. Rxh6 Ng6 36. Rh5 Nf4 37. Rg5 Nxg2 38. Rxg7+ Kf8 39. Rg5 Qe1+ 40. Kxg2 Qd2+ 41. Kg1 Qc1+ 42. Kh2 Qxc2+ 43. Qg2 Qd3 44. Qb2 Qd6+ 45. Qe5 Qxe5+ 46. Rxe5 a5 47. Kg3 a4 48. Re3 axb3 49. axb3 b5 50. Kf4 b4 51. Kg5 Kg7 52. h4 c4 53. bxc4 Bxc4 54. Re4 Bd3 55. Rxb4 Bc2 56. Rb7+ Kg8 57. Kh6 Kf8 58. Rg7 Bd3 59. Rg3 Bc2 60. Rg2 Bd3 61. Rg5 Kf7 62. Rg3 Bc2 63. Ra3 Kg8 64. Ra8+ Kf7 65. Kg5 Kg7 66. Ra7+ Kg8 67. Kh6 Kf8 68. Ra5 Kf7 69. Rg5 Bd3 70. h5 Kf8 71. Rd5 Be4 72. Rd2 Kg8 73. Kg5 Kh7 74. Rd8 Kg7 75. Rd7+ Kg8 76. Kf6 Bc2 77. Rg7+ Kh8 78. Rg2 Be4 79. Rg4 Bd3 80. Rd4 Bc2 81. Rc4 Bd3 82. Rc7 Be4 83. Kg5 Kg8 84. Kh6 Bd3 85. Rg7+ Kf8 86. Rg6 Kf7 87. Rd6 Bc2 88. Rd8 Be4 89. Kg5 Kg7 90. Rd7+ Kg8 91. Kf4 Bc2 92. Rc7 Bd3 93. Rc1 Kg7 94. Kg5 Be4 95. Rd1 Bc2 96. Rd7+ Kg8 97. Kh6 Be4 98. Rd1 Bc2 99. Rc1 Be4 100. Rg1+ Kf7 101. Kg5 Bd3 102. Kf4 Bc2 103. Ke5 Bd3 104. h6 Bc2 105. Rg7+ Kf8 106. Kf6 1-0

[Event "BL2-West 1112"]
[Site "Germany"]
[Date "2012.02.26"]
[Round "7.4"]
[White "Jackelen, Thomas"]
[Black "Silber, Henning"]
[Result "1-0"]
[WhiteElo "2415"]
[BlackElo "2274"]
[PlyCount "203"]
[EventDate "2011.10.02"]
[EventType "team-tourn"]
[EventRounds "9"]
[EventCountry "GER"]
[SourceTitle "EXT 2015"]
[Source "ChessBase"]
[SourceDate "2014.11.20"]
[SourceVersion "1"]
[SourceVersionDate "2014.11.20"]
[SourceQuality "1"]
[WhiteTeam "Godesberg"]
[BlackTeam "Goettingen Tempo"]
[WhiteTeamCountry "GER"]
[BlackTeamCountry "GER"]

1. Nf3 d5 2. c4 e6 3. g3 c5 4. Bg2 Nc6 5. 0-0 Nf6 6. d4 cxd4 7. Nxd4 Bc5 8. Nb3 Bb6 9. cxd5 exd5 10. Bg5 h6 11. Bxf6 Qxf6 12. Nc3 Be6 13. Nxd5 Bxd5 14. Qxd5 Qxb2 15. Qd6 Qf6 16. Qxf6 gxf6 17. Rac1 Nd4 18. Nxd4 Bxd4 19. Rfd1 Rd8 20. Bxb7 0-0 21. Kg2 Bb6 22. Bd5 Rc8 23. Bc4 Rc7 24. Bb3 Rxc1 25. Rxc1 Rd8 26. Rc4 Rd4 27. Rc3 Kf8 28. Rf3 Kg7 29. Rf5 Re4 30. e3 Re8 31. Kf3 Re5 32. Rf4 Rh5 33. h4 Re5 34. Rc4 Rc5 35. Re4 Re5 36. Rg4+ Kf8 37. Ke2 Rc5 38. Rd4 Re5 39. Rd7 Re7 40. Rd6 Kg7 41. Kd3 Rc7 42. Ke4 Rc5 43. Kf3 Rf5+ 44. Kg2 Rc5 45. Rd7 Rc7 46. Rd8 Rc5 47. Rb8 Rc7 48. Kf3 Re7 49. Ke2 Rd7 50. Ba4 Rd8 51. Rb7 Rc8 52. Kd3 Rc7 53. Rb8 Rc5 54. Bb3 Rc7 55. Bc4 Rd7+ 56. Ke2 Rc7 57. Bb3 Rd7 58. Re8 Ba5 59. f4 Bb4 60. Kf3 Bc5 61. Rc8 Bb6 62. Re8 Bc5 63. e4 Re7 64. Rc8 Bb6 65. Bd5 Rc7 66. Re8 Rd7 67. Kg4 Bf2 68. Rc8 a5 69. Rc2 Be1 70. Rc1 Bf2 71. Rf1 Bd4 72. Kf5 Rc7 73. g4 a4 74. Rb1 a3 75. Rb4 Bf2 76. Rb3 Ra7 77. h5 Bd4 78. Rb4 Bc5 79. Rb8 Be7 80. Rc8 Rd7 81. Rc6 Ra7 82. Rb6 Bd8 83. Rb5 Be7 84. e5 fxe5 85. Kxe5 Bd8 86. Rb4 Bf6+ 87. Ke4 Be7 88. Rc4 Rd7 89. Rc6 Ra7 90. Bc4 Ra5 91. Bb3 Ra7 92. Rb6 Bd8 93. Rb5 Re7+ 94. Kf5 Rc7 95. Ke4 Re7+ 96. Kf3 Rc7 97. g5 hxg5 98. fxg5 f6 99. Rb8 Be7 100. Rg8+ Kh7 101. g6+ Kh6 102. Rh8+ 1-0

[Event "BL2-West 0910"]
[Site "Germany"]
[Date "2010.03.21"]
[Round "8.3"]
[White "Jackelen, Thomas"]
[Black "Sonntag, Hans Hubert"]
[Result "1-0"]
[WhiteElo "2420"]
[BlackElo "2228"]
[PlyCount "61"]
[EventDate "2009.10.18"]
[EventType "team-tourn"]
[EventRounds "9"]
[EventCountry "GER"]
[SourceTitle "EXT 2011"]
[Source "ChessBase"]
[SourceDate "2010.11.26"]
[SourceVersion "1"]
[SourceVersionDate "2010.11.26"]
[SourceQuality "1"]
[WhiteTeam "Godesberg"]
[BlackTeam "Aachen"]
[WhiteTeamCountry "GER"]
[BlackTeamCountry "GER"]

1. Nf3 d5 2. c4 e6 3. g3 Nf6 4. Bg2 dxc4 5. Qa4+ c6 6. Qxc4 b5 7. Qb3 Bb7 8. 0-0 a6 9. Ne5 Qc8 10. d4 c5 11. Bxb7 Qxb7 12. Be3 Nbd7 13. Nxd7 Nxd7 14. Nd2 Rc8 15. Rac1 Be7 16. dxc5 Nxc5 17. Qb4 Nd7 18. Qe4 Qa8 19. Rc7 Bd6 20. Ra7 Qc6 21. Qxc6 Rxc6 22. Ne4 Bb8 23. Rb7 Bc7 24. Rc1 Rxc1+ 25. Bxc1 Kd8 26. Ra7 Kc8 27. Rxa6 Kb7 28. Ra3 Nb6 29. Rb3 Rd8 30. Be3 Ka6 31. Nc5+ 1-0

[Event "BL2-West 0910"]
[Site "Germany"]
[Date "2009.12.13"]
[Round "4.3"]
[White "Jackelen, Thomas"]
[Black "Savchenko, Viacheslav"]
[Result "1/2-1/2"]
[WhiteElo "2420"]
[BlackElo "2414"]
[PlyCount "24"]
[EventDate "2009.10.18"]
[EventType "team-tourn"]
[EventRounds "9"]
[EventCountry "GER"]
[SourceTitle "EXT 2011"]
[Source "ChessBase"]
[SourceDate "2010.11.26"]
[SourceVersion "1"]
[SourceVersionDate "2010.11.26"]
[SourceQuality "1"]
[WhiteTeam "Godesberg"]
[BlackTeam "Gerresheim"]
[WhiteTeamCountry "GER"]
[BlackTeamCountry "GER"]

1. Nf3 Nf6 2. c4 c5 3. g3 b6 4. Bg2 Bb7 5. 0-0 e6 6. Nc3 Qc8 7. b3 Be7 8. d4 cxd4 9. Qxd4 Nc6 10. Qf4 0-0 11. Bb2 Qb8 12. Qd2 Rd8 1/2-1/2

[Event "BL2-West 0910"]
[Site "Germany"]
[Date "2009.11.29"]
[Round "3.2"]
[White "Jackelen, Thomas"]
[Black "Mladenov, Svetlin"]
[Result "0-1"]
[WhiteElo "2420"]
[BlackElo "2439"]
[PlyCount "96"]
[EventDate "2009.10.18"]
[EventType "team-tourn"]
[EventRounds "9"]
[EventCountry "GER"]
[SourceTitle "EXT 2011"]
[Source "ChessBase"]
[SourceDate "2010.11.26"]
[SourceVersion "1"]
[SourceVersionDate "2010.11.26"]
[SourceQuality "1"]
[WhiteTeam "Godesberg"]
[BlackTeam "Wattenscheid"]
[WhiteTeamCountry "GER"]
[BlackTeamCountry "GER"]

1. Nf3 Nf6 2. c4 g6 3. Nc3 Bg7 4. e4 d6 5. d4 0-0 6. Be2 Bg4 7. Be3 Nfd7 8. Qb3 Bxf3 9. Bxf3 Nc6 10. Rd1 e5 11. dxe5 dxe5 12. Ne2 Qc8 13. 0-0 a5 14. Rd2 a4 15. Qc3 f5 16. Qd3 Nf6 17. exf5 gxf5 18. Bxc6 bxc6 19. Nc3 Qe6 20. Qe2 Rfe8 21. Re1 Bf8 22. a3 Ng4 23. h3 Nxe3 24. Qxe3 Bh6 25. Qg3+ Kh8 26. Rde2 e4 27. f3 Rg8 28. Qh4 Bg5 29. Qf2 e3 30. Rxe3 Bxe3 31. Qxe3 Qxc4 32. Qe5+ Rg7 33. Qxf5 Rag8 34. Qf6 Qc5+ 35. Kh1 Qd6 36. Re6 Qg3 37. Re2 Qd6 38. Re6 Qd2 39. Re2 Qd3 40. Qe5 h6 41. Kh2 Qd6 42. g4 Re8 43. Qxd6 Rxe2+ 44. Nxe2 cxd6 45. Nc3 d5 46. Nxa4 d4 47. Kg3 d3 48. Kf2 Re7 0-1

[Event "BL2-West 0809"]
[Site "Germany"]
[Date "2009.03.29"]
[Round "9.3"]
[White "Jackelen, Thomas"]
[Black "Koller, Jens"]
[Result "1-0"]
[WhiteElo "2435"]
[BlackElo "2245"]
[PlyCount "77"]
[EventDate "2008.10.05"]
[EventType "team-tourn"]
[EventRounds "9"]
[EventCountry "GER"]
[SourceTitle "CBM 129 Extra"]
[Source "ChessBase"]
[SourceDate "2009.05.05"]
[SourceVersion "2"]
[SourceVersionDate "2009.05.20"]
[SourceQuality "1"]
[WhiteTeam "Godesberg"]
[BlackTeam "Oberursel"]
[WhiteTeamCountry "GER"]
[BlackTeamCountry "GER"]

1. Nf3 Nf6 2. c4 g6 3. Nc3 Bg7 4. e4 d6 5. d4 0-0 6. Be2 e5 7. 0-0 Na6 8. Re1 c6 9. Be3 exd4 10. Nxd4 Re8 11. f3 Nh5 12. Qd2 Qh4 13. Bf1 Nc5 14. Rad1 Be5 15. g3 Qe7 16. Bf2 a5 17. Nb3 Nxb3 18. axb3 g5 19. Be2 Bh3 20. Bf1 Bxf1 21. Rxf1 Ng7 22. Ra1 Ne6 23. Be3 Nc5 24. Qc2 g4 25. Rae1 gxf3 26. Rxf3 Bxc3 27. Qxc3 Nxe4 28. Qd4 Ng5 29. Rff1 Qe4 30. Qxe4 Nxe4 31. Rf4 d5 32. Ref1 f6 33. cxd5 cxd5 34. Bd4 Re6 35. Bxf6 Nd2 36. Rd1 Nxb3 37. Rxd5 Rf8 38. Rg5+ Kf7 39. Bg7+ 1-0

[Event "BL2-West 0809"]
[Site "Germany"]
[Date "2008.12.14"]
[Round "4.4"]
[White "Klyuner, Vyacheslav"]
[Black "Jackelen, Thomas"]
[Result "1/2-1/2"]
[WhiteElo "2395"]
[BlackElo "2435"]
[PlyCount "29"]
[EventDate "2008.10.05"]
[EventType "team-tourn"]
[EventRounds "9"]
[EventCountry "GER"]
[SourceTitle "CBM 129 Extra"]
[Source "ChessBase"]
[SourceDate "2009.05.05"]
[SourceVersion "2"]
[SourceVersionDate "2009.05.20"]
[SourceQuality "1"]
[WhiteTeam "Dortmund"]
[BlackTeam "Godesberg"]
[WhiteTeamCountry "GER"]
[BlackTeamCountry "GER"]

1. e4 e6 2. d3 d5 3. Nd2 Nf6 4. Ngf3 b6 5. g3 dxe4 6. dxe4 Bb7 7. Bb5+ Nbd7 8. Ne5 a6 9. Bc6 Qc8 10. Bxb7 Qxb7 11. Nxd7 Nxd7 12. Qe2 Be7 13. 0-0 0-0 14. Nf3 Rfd8 15. Bf4 1/2-1/2

[Event "BL2-West 0809"]
[Site "Germany"]
[Date "2008.11.30"]
[Round "3.2"]
[White "Jackelen, Thomas"]
[Black "Hickl, Joerg"]
[Result "0-1"]
[WhiteElo "2435"]
[BlackElo "2560"]
[PlyCount "102"]
[EventDate "2008.10.05"]
[EventType "team-tourn"]
[EventRounds "9"]
[EventCountry "GER"]
[SourceTitle "CBM 129 Extra"]
[Source "ChessBase"]
[SourceDate "2009.05.05"]
[SourceVersion "2"]
[SourceVersionDate "2009.05.20"]
[SourceQuality "1"]
[WhiteTeam "Godesberg"]
[BlackTeam "Hofheim"]
[WhiteTeamCountry "GER"]
[BlackTeamCountry "GER"]

1. Nf3 d6 2. d4 Nf6 3. c4 Nbd7 4. Nc3 c6 5. e4 e5 6. Be2 a6 7. 0-0 Be7 8. Qc2 0-0 9. Rd1 Qc7 10. Bg5 Re8 11. Rac1 Nf8 12. h3 Ng6 13. a3 exd4 14. Nxd4 h6 15. Be3 Bf8 16. b4 Bd7 17. Nb3 Rad8 18. Bf1 Bc8 19. Bd4 Nh7 20. Re1 Ng5 21. Be3 Re7 22. f4 Nh7 23. Qf2 Rde8 24. Bd3 Rd7 25. Rcd1 Be7 26. Na4 b5 27. Nb6 Rdd8 28. Nxc8 Qxc8 29. Re2 Nf6 30. Bb6 Rd7 31. Rc1 bxc4 32. Rxc4 Nh5 33. g3 Rb7 34. Bd4 Qxh3 35. Re3 c5 36. Bb2 cxb4 37. axb4 Nf6 38. Qg2 Qd7 39. Na5 d5 40. exd5 Nxd5 41. Ree4 Rxb4 42. Kh2 Reb8 43. Bd4 Rxc4 44. Nxc4 Nf6 45. Bxf6 Bxf6 46. Qe2 Rd8 47. Bc2 Qb5 48. Bd3 Qd7 49. Bc2 Nf8 50. Re3 Qb5 51. Rb3 Re8 0-1

[Event "Bundesliga 0708"]
[Site "Germany"]
[Date "2008.04.05"]
[Round "12.6"]
[White "Jackelen, Thomas"]
[Black "Ragger, Markus"]
[Result "1/2-1/2"]
[WhiteElo "2437"]
[BlackElo "2528"]
[PlyCount "30"]
[EventDate "2007.10.20"]
[EventType "team-tourn"]
[EventRounds "15"]
[EventCountry "GER"]
[SourceTitle "CBM 124"]
[Source "ChessBase"]
[SourceDate "2008.05.28"]
[SourceVersion "1"]
[SourceVersionDate "2008.05.28"]
[SourceQuality "1"]
[WhiteTeam "Godesberg"]
[BlackTeam "Solingen"]
[WhiteTeamCountry "GER"]
[BlackTeamCountry "GER"]

1. Nf3 d5 2. c4 c6 3. e3 Nf6 4. Nc3 e6 5. Qc2 Bd6 6. d4 Nbd7 7. Bd3 0-0 8. 0-0 e5 9. cxd5 cxd5 10. e4 exd4 11. Nxd5 Nxd5 12. exd5 h6 13. Rd1 Nf6 14. Nxd4 Nxd5 15. Be2 Qf6 1/2-1/2

[Event "Bundesliga 0708"]
[Site "Germany"]
[Date "2008.03.09"]
[Round "11.5"]
[White "Golod, Vitali"]
[Black "Jackelen, Thomas"]
[Result "1/2-1/2"]
[WhiteElo "2586"]
[BlackElo "2437"]
[PlyCount "100"]
[EventDate "2007.10.20"]
[EventType "team-tourn"]
[EventRounds "15"]
[EventCountry "GER"]
[SourceTitle "CBM 123"]
[Source "ChessBase"]
[SourceDate "2008.04.02"]
[SourceVersion "1"]
[SourceVersionDate "2008.04.02"]
[SourceQuality "1"]
[WhiteTeam "Muelheim"]
[BlackTeam "Godesberg"]
[WhiteTeamCountry "GER"]
[BlackTeamCountry "GER"]

1. d4 d5 2. c4 c6 3. Nf3 Nf6 4. Nc3 a6 5. c5 Nbd7 6. Bf4 Nh5 7. Bd2 Nhf6 8. Bf4 Nh5 9. Bg5 h6 10. Bd2 Nhf6 11. Bf4 Nh5 12. Be5 Nxe5 13. Nxe5 Nf6 14. e3 Nd7 15. f4 Nxe5 16. fxe5 Bf5 17. Bd3 Bxd3 18. Qxd3 e6 19. 0-0 Be7 20. Ne2 b6 21. cxb6 Qxb6 22. Nf4 h5 23. Rac1 c5 24. e4 c4 25. Qd1 dxe4 26. Rxc4 0-0 27. Nxh5 Rac8 28. Qg4 g6 29. Rxc8 Qxd4+ 30. Kh1 Rxc8 31. Qf4 Rf8 32. Nf6+ Kg7 33. b3 Bd8 34. h3 Be7 35. Kh2 Bd8 36. h4 Ba5 37. Ng4 Bd2 38. Qf6+ Kg8 39. h5 gxh5 40. Qh4 hxg4 41. Qxg4+ Kh7 42. Qh5+ Bh6 43. Rxf7+ Rxf7 44. Qxf7+ Kh8 45. Qe8+ Kg7 46. Qe7+ Kg6 47. Qxe6+ Kg5 48. Qf6+ Kh5 49. Qf7+ Kg4 50. Qe6+ Kg5 1/2-1/2